000 00460nam a2200181Ia 4500
008 230524s9999 xx 000 0 und d
020 _a9788184954012
082 _bPIL
100 _aRadhakrishnan Pillai
_941768
245 0 _aChanakya's 7 Secrets of Leadership
250 _a1
260 _aNew Delhi
_bJaico
_c2015
300 _a230p;
500 _aQuantity Number: 1
650 _aMisalliance
_941769
700 _aD. Sivanandhan
_941770
942 _cBK
999 _c56207
_d56207